| 000 | 00519nam a22001697a 4500 | ||
|---|---|---|---|
| 020 | _a9789871921218 | ||
| 080 | _a342.72/ 73 An 28 | ||
| 100 | _aAndriotti Romanin, Enrique | ||
| 245 |
_aMemorias en Conflicto _bel Movimiento de derechos Humanos y la construcciòn del Juicio por la verdad de Mar del Plata |
||
| 260 |
_aMar del Plata _bEudem _c2013 |
||
| 300 |
_a270 P. _c22 X 15 Cm. |
||
| 650 | _xderechos humanos | ||
| 650 | _xjuicios por la verdad | ||
| 650 | _xCONADEP | ||
| 945 |
_acd _d2015-06-19 |
||
| 999 |
_c4071 _d234575 |
||
| 942 | _6_ | ||